000 00549nam a2200181 i 4500
001 103817
003 ES-MaACL
005 20230906183442.0
007 t|
008 051118s1979 sp ||||1| spa d
100 1 _aMerritt, H. Houston.
_980604
245 1 0 _aTratado de neurología /
_cH. Houston Merritt...; [traducción por ... Antonia Grimalt].
250 _a[1ª ed.].
260 _aBarcelona :
_bSalvat,
_c1979.
300 _aXVI, 669 p. :
_bil. ;
_c26 cm.
700 1 _aGrimalt, Antonia.
_960046
852 _aES-MaACL
_jA-10723
_bR.100062
999 _c103817
_d103817